000 00705nam a2200241Ia 4500
003 OSt
005 20220926025534.0
006 a|||||r|||| 00| 0
007 ta
008 220923b |||||||| |||| 00| 0 eng d
020 _a0080227120
037 _cGeneral Book
040 _aRTL
_cRTL
_beng
041 _2eng
_aeng
082 _aX9(F551).1.N7, L8
100 _aSimeons Charles
_9332505
245 0 _aCoal
_b Its role in tomorrows technology A source
260 _aOxford
_bPergamon
_c1978
300 _axv,313p. Appendix p. 222-305
_ccm.
650 _aCoal Industry
_9229957
942 _hX9(F551).1.N7, L8
_cGB
_2CC
999 _c647317
_d647317